00237 a2200085 450000500170000010000160001724500350003326000550006830000280012320250628144928.0 aSCHAEFER, W aBusiness Administration Manual aDar es salaambCollege of Business Educationc1978 a232p.: ill; Tablec29cm